000 00318 a2200157 4500
001 62569
020 _a9788526021501
040 _cAnchieta - Pituba
100 _aBandeira, Manuel
240 1 0 _aTeadorar
_lpor
245 1 0 _aTeadorar
300 _a55
362 0 _a2015
650 4 _aPoesia portuguesa
942 _cBK
999 _c62569
_d62569